Claves para el siglo XXI /

En esta obra, un grupo de prestigiados intelectuales, artistas y personalidades públicas, se plantean los problemas que la humanidad habrá de enfrentar en los próximos años y buscan formular propuestas adecuadas para resolverlos.

Збережено в:
Бібліографічні деталі
Автор: Bindé, Jérôme (coord.)
Формат: Книга
Мова:Іспанська
Опубліковано: Barcelona, España : Crítica : UNESCO, 2002, c2002
Предмети:
Теги: Додати тег
Немає тегів, Будьте першим, хто поставить тег для цього запису!

MARC

LEADER 00000nam^a2200000^a^4500
001 000174024
005 20250521000000.0
005 20250521000000.0
009 20260310101515.194
020 |a 92-3-303646-4 
020 |a 84-8432-368-4 
037 |a Acervo ITESO - Biblioteca 
041 |a ESP 
082 |a 303. 49  |b BIN 
100 |a Bindé, Jérôme  |e (coord.) 
245 1 0 |a Claves para el siglo XXI /  |c Coord. de J. Bindé ; tr. por Elena Grau. 
264 4 |a Barcelona, España :  |b Crítica :  |b UNESCO,  |c 2002, c2002 
300 |a 503 p. 
336 |a texto  |b txt  |2 rdacontenido 
337 |a sin mediación  |b n  |2 rdamedio 
338 |a volumen  |b nc  |2 rdasoporte 
520 |a En esta obra, un grupo de prestigiados intelectuales, artistas y personalidades públicas, se plantean los problemas que la humanidad habrá de enfrentar en los próximos años y buscan formular propuestas adecuadas para resolverlos. 
649 |a XX 
650 |a Valores 
650 |a Etica 
650 |a Cultura -  |x Filosofía 
650 |a Sociología de la Cultura 
650 |a Futuro 
650 |a Prospectiva Política 
650 |a Predicción Social 
650 |a Probabilidad 
650 |a Riesgo (Ciencias Sociales) 
650 |a Riesgo (Probabilidad) 
650 |a Incertidumbre (Teoría de la Información) 
650 |a Hombre (Teología) 
650 |a Diversidad Cultural 
650 |a Migración 
650 |a Explosión Demográfica 
650 |a Enfermedades 
650 |a Reproducción Humana 
650 |a Inseminación Artificial 
650 |a Contaminación Ambiental 
650 |a Agua 
650 |a Electricidad 
650 |a Recursos Naturales 
650 |a Exploración Espacial 
650 |a Educación para la Paz 
650 |a Educación Intercultural 
650 |a Educación de Adultos 
650 |a Educación L Distancia 
650 |a Aculturación 
650 |a Axiología 
650 |a Bioética 
650 |a Diferencia y Otredad 
650 |a Patrimonio de la Humanidad 
650 |a Literatura y Sociedad 
650 |a Arte y Sociedad 
650 |a Tecnología y Sociedad 
650 |a Medios de Comunicación 
650 |a Tecnologías de Comunicación e Información 
650 |a Relaciones Intergénero 
650 |a Marginación 
650 |a Género 
650 |a Identidad de Género 
650 |a Redes Sociales 
650 |a Identidad Cultural 
650 |a Identidad Personal 
650 |a Empleo y Desempleo 
650 |a Igualdad y Desigualdad 
650 |a Cultura Urbana 
650 |a Realidad Virtual 
650 |a Biotecnología 
650 |a Sociedad Postindustrial 
650 |a Modernidad y Posmodernidad 
650 |a Lenguaje y Lenguas 
650 |a Lenguaje y Pensamiento 
650 |a Problemas Sociales 
650 |a Democratización 
650 |a Derechos Humanos 
650 |a Africa -  |x Condiciones Económicas 
650 |a Africa -  |x Condiciones Sociales y Culturales 
650 |a Conducta de Vida 
650 |a Prejuicio 
650 |a Tolerancia e Intolerancia 
910 |a Fondo General 
920 |a Impresos - Libros 
930 |a Colección General 
905 |a 101 
901 |a 0500111908  |b IT1  |c ACC  |u 20250521 
902 |a https://opac.biblio.iteso.mx/vufind/Record/000174024